El discurso de la información: la construcción del espejo social

Guardat en:
Dades bibliogràfiques
Autor principal: Charaudeau, Patrick (Autor)
Format: Llibre
Idioma:espanyol
Publicat: Barcelona Gedisa 2003
Col·lecció:El Mamífero Parlante
Matèries:
Etiquetes: Afegir etiqueta
Sense etiquetes, Sigues el primer a etiquetar aquest registre!

MARC

LEADER 00000nam a2200000 a 4500
001 UCL0627
003 CL-VaPUC
008 030728e20030000SP |||||||||||||||||spa|d
020 |a 8474329531 
082 0 4 |a 401.41  |b CHA  |2 21 
100 0 |a Charaudeau, Patrick  |e author  |9 413 
245 1 3 |a El discurso de la información: la construcción del espejo social 
300 |a 317 p 
942 |c BK 
945 |d 20030728 00:00:00  |a cmena 
260 |a Barcelona  |b Gedisa  |c 2003 
650 0 |a Análisis del discurso  |9 256696 
650 7 |a SOCIOLINGUSITICA  |2 CL-VaPUC  |9 477300 
583 |a last modification  |c 20140410 05:25:59  |k Rodrigo Vera 
490 0 |a El Mamífero Parlante 
999 |c 304442  |d 304440 
952 |0 0  |1 0  |4 0  |6 401_410000000000000_CHA_2003  |7 0  |8 A  |9 366734  |a FDOPOS  |b FDOPOS  |d 2019-11-21  |i 392503K  |o 401.41 CHA 2003  |p 392503K  |r 2025-01-22  |w 2019-11-21  |y BK  |k MLA 
952 |0 0  |1 0  |4 0  |6 401_410000000000000_CHA_2003  |7 0  |8 A  |9 366736  |a FDOPOS  |b BIBEDU  |d 2019-11-21  |i 4029844  |l 5  |m 1  |o 401.41 CHA 2003  |p 4029844  |r 2025-04-29  |s 2025-04-16  |w 2019-11-21  |y BK  |k MLA 
952 |0 0  |1 0  |4 0  |6 401_410000000000000_CHA_2003  |7 0  |8 A  |9 366737  |a FDOPOS  |b FDOPOS  |d 2019-11-21  |i 4375564  |o 401.41 CHA 2003  |p 4375564  |r 2025-01-22  |w 2019-11-21  |y BK  |k MLA